Quizzes
Events
Quiz Creation
Community
Videos
Private Events
Remove Ads
Sign In
Join for FREE
Feedback
Dark Mode
Quiz Categories
Sports
Geography
Music
Movies
Television
Just For Fun
Miscellaneous
History
Literature
Language
Science
Gaming
Entertainment
Religion
Holiday
For Kids
Quiz Lab
Recent
Popular Today
Quiz Kudos Today
Editor Picks
Curator Picks
Quizzes by...
Day
Popularity
Type
Ratings
Length
Year
Community
Subscriptions
Recent Discussions
Orange Saloon
Badges
Playlists
Quests
Create
Leaderboards
Showdown
Live 5
Trivia Bingo
Activity
Puzzle Library
Sporcle Events
Private Events
Virtual Trivia
Globe League
Become a Host
Pub Owners
SporcleCon
Opinionation
Our Games
Videos
Blog
Mobile Apps
Partnerships
Remove Ads and Go Orange
Feedback
Sports
Athletes
MLB
NBA
NHL
NFL
Soccer
Sports Teams
WWE
NCAA
Football
Premier League
Basketball
Baseball
Hockey
Golf
Tennis
Cricket
Rugby
Auto Racing
Olympics
World Cup
Sports
Athletes
MLB
NBA
NHL
NFL
Soccer
Sports Teams
WWE
NCAA
Football
Premier League
Basketball
Baseball
Hockey
Golf
Tennis
Cricket
Rugby
Auto Racing
Olympics
World Cup
Random Quiz
Search Sporcle
×
Quiz Lab
Quiz Lab
Sports
Football
Type in answers that appear in a list
Type in answers that appear in a list
Classic
Best Score? Go Orange.
Bayern Munich Squad 2011/12 Stats
Can you name the Bayern Munich Squad 2011/12?
By
Calubis
6m
24 Questions
152 Plays
152 Plays
152 Plays
Comments
Comments
Give Quiz Kudos
Give Quiz Kudos
-
- Ratings
hide this ad
Replay
Link that replays current quiz
Next Quiz
Link to next quiz in quiz playlist
You Got
0%
They Got
Avg Score
69%
Avg Friend Score
Upgrade to see
Score Distribution
Jump to the score distribution portion of the page
Score
0/24
Timer
06:00
0
Plays Today
Nationality
Name
% Correct
Germany
Manuel Neuer
98%
France
Franck Ribery
94.7%
Netherlands
Arjen Robben
92.8%
Germany
Philipp Lahm
91.4%
Germany
Bastian Schweinsteiger
88.8%
Germany
Mario Gomez
88.8%
Germany
Toni Kroos
88.2%
Germany
Thomas Muller
83.6%
Austria
David Alaba
82.2%
Croatia
Ivica Olic
80.3%
Brazil
Rafinha
76.3%
Germany
Holger Badstuber
76.3%
Nationality
Name
% Correct
Germany
Jerome Boateng
75.7%
Brazil
Luiz Gustavo
71.7%
Belgium
Daniel Van Buyten
64.5%
Croatia
Danijel Pranjic
61.8%
Germany
Hans-Jorg Butt
52.6%
Germany
Nils Petersen
52%
Brazil
Breno
51.3%
Ukraine
Anatoliy Tymoshchuk
51.3%
Japan
Takashi Usami
49.3%
Germany
Diego Contento
45.4%
Germany
Maximilian Riedmuller
25%
Germany
Rouven Sattelmaier
19.1%
Quiz Playlist
Details
Report
Send in Message
Add To Playlist
Classic:
Type in answers that appear in a list
Last Updated: Feb 16, 2017
Quiz Scoreboard
CHALLENGE
Sign Up to Join the Scoreboard
Show All
Scores
Hide
Comments
May contain spoilers
Recently Published
One Thing in Common: World Cities II
by knightlancer
Geography
7m
Popular People in 1961
by mucciniale
History
6m
1-10 Letter E Words III
by El_Dandy
Language
2m
More to Explore
Quiz From the Vault
Featured Blog Post
Where Did the Easter Bunny Come From?
hide this ad
You Might Also Like...
Tags
Football Quiz
2011
2012
Bayern Munich
bundesliga
Today's Top Quizzes in Sports
Browse Sports
hide this ad
Today's Top Quizzes in Football
Browse Football
Top Contributed Quizzes in Sports
1
Les meilleurs buteurs des matchs entre le PSG et l’OM
2
Les entraîneurs de l'OM et du PSG au 21e siècle
3
FIFA Club World Cup Champions
4
2022 World Cup Stars
5
Name the Premier League winners with different clubs
6
La finale Lions - Afrique du Sud 2021
7
Criteria MLB: Left Handed Sluggers
8
Players with Multiple 50 Home Run Seasons
9
MLB Players with Two .350 Batting Average Seasons
10
MLB Hall of Famer by Rings
Explore More
Trending Topics
Marvel
Harry Potter
NBA
Disney
Crossword
Kpop
Anime
Song
Puzzle
Pokémon
Soccer
WWE
NFL
Country
The Office
hide this ad
More By:
Calubis
Quiz
Plays
Rating
Category
Featured
Created
Sons Of Anarchy Quiz
2,568
1.00
Television
May 22, 2012
Name the Post Hardcore/Metalcore bands
789
2.00
Music
May 29, 2012
FIFA 12 Top Rated Players for Serie A
282
5.00
Gaming
Mar 10, 2012
AC Milan Squad 2011/12
274
4.00
Sports
Jan 14, 2012
FC Barcelona Squad 2011/12
227
Sports
Jan 16, 2012
Go to Creator's Profile
Score Distribution
Quiz Creator Spotlight
Calubis
Follow
Send a Message
Quizzes Created
-
Created Quiz Play Count
-
More By This Creator
Popular Quizzes Today
1
Find the US States - No Outlines Minefield
2
Find the Countries of Europe - No Outlines Minefield
3
The Countries of the World
4
Popular People in 1961
5
1-10 Letter E Words III
6
Find the US States
7
One Thing in Common: World Cities II
8
US States
More Sports Quizzes
2010s Top Scorers: Memphis Grizzlies
Published
Trending Quizzes
Risky Map Clicking: Least Populous States A-Z
1-10 Letter F Words
1-10 Letter G Words
One Thing in Common: United Kingdom
Risky Map Clicking: Biggest States A-Z
Recently Updated
Leaping Animals
pecheneg
Reality TV Shows (A-Z)
bhenderson79
Rickey Henderson's Hall of Fame Teammates
pecheneg
Champions League XIs: Arsenal
pecheneg
Quick Pick: Celebrities in WWE's Hall of Fame
aduchscher
A-Z Keypad Blitz II
pecheneg
Multiple Oscar Actors
pecheneg
Mystery Phrase Blitz: Oscar 'Best Actors'
pecheneg
F. Scott Fitzgerald Novels
LTH
Pick 3 Villains
ddd62291
Trending Topics
Anime
Kpop
NBA
Disney
Crossword
Harry Potter
Marvel
Puzzle
NFL
Song
Country
The Office
WWE
Soccer
Pokémon
Your Account Isn't Verified!
In order to create a playlist on Sporcle, you need to verify the email address you used during registration. Go to your
Sporcle Settings
to finish the process.
Report this User
Report this user for behavior that violates our
Community Guidelines
.
Details:
Send Report
Go to the Sporcle.com Mobile Site →
Comments